| 000 | 01190cam a2200361 i 4500 | ||
|---|---|---|---|
| 001 | 200463382 | ||
| 003 | TR-AnTOB | ||
| 005 | 20241224171842.0 | ||
| 007 | ta | ||
| 008 | 241224s2012 tu c 000 0 tur d | ||
| 020 |
_a9786055664237 _q(paperback) |
||
| 020 |
_a6055664232 _q(paperback) |
||
| 035 | _a(OCoLC)897908468 | ||
| 035 | _a(TR-AnTOB)200463382 | ||
| 040 |
_aTVG _beng _erda _cTVG _dOCLCO _dOCLCF _dOCLCQ _dOCLCO _dSULEY _dTR-AnTOB |
||
| 041 | 0 | _atur | |
| 050 | 1 | 4 |
_aP99 _b.G677 2012 |
| 090 |
_aP99 _b.G677 2012 |
||
| 245 | 0 | 0 |
_aGörsel göstergebilim : _bimgenin anlamlandırılması / _cEditörler, Prof. Dr. V. Doğan Günay, Doç. Dr. Alev F. Parsa. |
| 264 | 1 |
_aKadıköy, İstanbul : _bEs Yayınları, _c2012. |
|
| 300 |
_a244 pages : _billustrations ; _c24 cm |
||
| 336 |
_atext _btxt _2rdacontent |
||
| 337 |
_aunmediated _bn _2rdamedia |
||
| 338 |
_avolume _bnc _2rdacarrier |
||
| 490 | 0 |
_aEs Yayınları ; _v74. |
|
| 490 | 0 |
_aGörsel Göstergebilim ; _v3 |
|
| 504 | _aBIB | ||
| 650 | 0 |
_aGöstergebilim _9124770 |
|
| 700 | 1 |
_aGünay, Veli Doğan, _d1957- _eeditor _99154 |
|
| 700 | 1 |
_aParsa, Alev Fatoş _eeditor _9147611 |
|
| 942 |
_2lcc _cBK |
||
| 999 |
_c200463382 _d81594 |
||